Impact of organization culture on customer satisfaction : a study of practioners in public relations and corporate communication industry in Malaysia /
Saved in:
| Main Author: | |
|---|---|
| Format: | Thesis |
| Language: | Malay |
| Published: |
Gombak, Selangor :
Kulliyyah of Islamic Revealed Knowledge and Human Sciences, International Islamic University Malaysia,
2008
|
| Subjects: | |
| Online Access: | Click here to view 1st 24 pages of the thesis. Members can view fulltext at the specified PCs in the library. |
| Tags: |
Add Tag
No Tags, Be the first to tag this record!
|
| LEADER | 026070000a22004330004500 | ||
|---|---|---|---|
| 001 | 424818 | ||
| 005 | 20230417062319.0 | ||
| 008 | 090120t2008 my a g 000 0 may d | ||
| 035 | |a (Sirsi) 424818 | ||
| 040 | |a UIAM |b eng | ||
| 043 | |a a-my--- | ||
| 050 | 0 | 0 | |a HD58.8 |
| 100 | 0 | |a Sufyan Rashid |9 62909 | |
| 245 | 1 | 0 | |a Impact of organization culture on customer satisfaction : |b a study of practioners in public relations and corporate communication industry in Malaysia / |c by Sufyan Rashid |
| 260 | |a Gombak, Selangor : |b Kulliyyah of Islamic Revealed Knowledge and Human Sciences, International Islamic University Malaysia, |c 2008 | ||
| 300 | |a xii, 162 leaves : |b ill. ; |c 30 cm.a | ||
| 336 | |2 rdacontent | ||
| 337 | |2 rdamedia | ||
| 338 | |2 rdacarrier | ||
| 500 | |a Abstracts in English and Arabic. | ||
| 500 | |a "A dissertation submitted in partial fulfilment of the requirements for the degree of Master of Human Sciences (Communication)."--On t.p. | ||
| 502 | |a Thesis (MHSc. COMM)--International Islamic University Malaysia, 2008. | ||
| 504 | |a Includes bibliographical references leaves (130-145). | ||
| 530 | |a Also available on 4 3/4 in. computer optical disc. | ||
| 546 | |a Abstract in English and Arabic. | ||
| 650 | 0 | |a Organizational change |v Case studies |z Malaysia |9 62910 | |
| 650 | 0 | |a Consumer satisfaction |v Case studies |z Malaysia |9 62911 | |
| 650 | 0 | |a Industrial relations |v Case studies |z Malaysia |9 62912 | |
| 655 | 0 | 7 | |a Theses, IIUM local |
| 690 | 0 | |a Dissertations, Academic |x Kulliyyah of Islamic Revealed Knowledge and Human Sciences |z IIUM | |
| 710 | 2 | |a International Islamic University Malaysia. |b Kulliyyah of Islamic Revealed Knowledge and Human Sciences | |
| 730 | 0 | |a Impact of organization culture on customer satisfaction : a study of practioners in public relations and corporate communication industry in Malaysia |h [electronic resource] |9 62913 | |
| 856 | 4 | |u http://studentrepo.iium.edu.my/handle/123456789/6328 |z Click here to view 1st 24 pages of the thesis. Members can view fulltext at the specified PCs in the library. | |
| 900 | |a hj-wss-ajt-naw | ||
| 942 | |2 lcc |n 0 | ||
| 999 | |c 433139 |d 463364 | ||
| 952 | |0 0 |6 LU T HD58.8S946I 2008 |7 0 |8 THESES |9 751608 |a IIUM |b IIUM |c CLOSEACCES |g 0.00 |o lu t HD58.8S946I 2008 |p 00011034828 |r 2017-11-01 |t 1 |v 0.00 |y THESIS | ||
| 952 | |0 0 |6 T HD 000058.8 S946I 2008 |7 0 |8 THESES |9 754931 |a IIUM |b IIUM |c MULTIMEDIA |g 0.00 |o t HD58.8S946I 2008 |p 00011275539 |r 2017-10-19 |t 2 |v 0.00 |y THESIS | ||
| 952 | |0 0 |6 TS CDF HD58.8S946I 2008 |7 0 |8 THESES |9 832708 |a IIUM |b IIUM |c MULTIMEDIA |g 0.00 |o ts cdf HD58.8S946I 2008 |p 11100325871 |r 2017-10-26 |t 1 |v 0.00 |y THESISDIG | ||
